1006 1557 1961 1295 1054 1277 1643 1154 1370 1599 1259 1899 1309 1520 1188 1097 1234 1824 1422 1594 1334 1720 1776 1005 1675 1111 1531 1194 1733 1435 1018 1115 1186 1447 1057 1085 1913 1368 1680 1835 1980 1288 1956 1351 1196 1609 1318 1468 1663 1113 1957 1113 1003 1559 1856 1037 1339 1345 1808 1984 1482 1219 1316 1305 1603 1701 1618 1430 1295 1304 1382 1985 1669 1016 1025 1481 1593 1308 1388 1890 1032 1551 1404 1271 1970 1850 1918 1073 1164 1063 1089 1697 1244 1592 1618 1625 1071 1300 1157 BCNSPRNW ULIB Ver.6.0+V

เปลี่ยนเป็นภาษาไทย

Change to English
 แสดงรายละเอียดบรรณานุกรม
  กลับหน้าหลัก

Brief Record : Get Marc (ISO 2709) : E-mail record : QR code < ปิดหน้าต่าง
LEADER : 00000nam 2200000uu 4500
001    13399113405
003     ULIB
008    110627s2552||||th 000 0 tha d
020    9786165020169
090    นว.^bธ739จ 2552
100 0  ธุวดารา
245 00 เจ้าบ่าวมือสอง/^cธุวดารา
250    พิมพ์ครั้งที่ 1
260    กรุงเทพฯ :^bSugar Beat,^c2552
300    296 หน้า
710 1  Sugar Beat
945    ^p200^l0^i026752
995    ทศพร
999 ^a ใช้งานได้ทุกระบบ
รายการนี้ยังไม่มีแท็ก
คุณยังไม่ได้ล็อกอิน คุณสามารถมีกิจกรรมร่วมกับเว็บไซต์ได้ แต่ต้องล็อกอินก่อน ::
  ล็อกอิน

รายการสื่อสารสนเทศ

ลำดับที่ ประเภท เลขเรียก/บาร์โค้ด สถานที่ สถานะ
1. นวนิยาย
นวนิยาย
นว. ธ739จ 2552 ฉ.1 
  Barcode: 026752
ห้องสมุดวิทยาเขตสวรรค์ประชารักษ์
►นวนิยาย
บนชั้น
  ขอยืม

รายการใกล้เคียง
    ผู้แต่ง [ธุวดารา]

BibComment


ยังไม่เคยถูกคอมเมนท์

คอมเมนท์ทรัพยากรรายการนี้
  คอมเมนท์: เจ้าบ่าวมือสอง ธุ..


 Copyright 2026. Bcnsprnw @Library